00222nam a2200097 a 450000500170000000800410001705000170005810000170007524500190009226000130011120140412111327.0110121s19uu xx 00 eng d aERbId5 1991 aLloyd, Errol aI don't care!. bRed Fox.